Catálogo

Religious thought and the modern psychologies / (Registro nro. 63348)

Detalles MARC
000 -LEADER
fixed length control field 00765nam a2200241 a 4500
001 - CONTROL NUMBER
control field 63348
005 - DATE AND TIME OF LATEST TRANSACTION
control field 20180714065733.0
008 - FIXED-LENGTH DATA ELEMENTS--GENERAL INFORMATION
fixed length control field 150820s2004 xxu 000 0 spa d
020 ## - INTERNATIONAL STANDARD BOOK NUMBER
International Standard Book Number 0-8006-3659-7
082 0# - DEWEY DECIMAL CLASSIFICATION NUMBER
Classification number 150.19
Item number BRO
100 1# - MAIN ENTRY--PERSONAL NAME
Personal name Browning, Don S.
Relator term autor
245 10 - TITLE STATEMENT
Title Religious thought and the modern psychologies /
Statement of responsibility, etc. Don S. Browning; Terry D. Cooper.
250 ## - EDITION STATEMENT
Edition statement Second edition
264 #1 - PRODUCTION, PUBLICATION, DISTRIBUTION, MANUFACTURE, AND COPYRIGHT NOTICE
Place of production, publication, distribution, manufacture Estados Unidos de América :
Name of producer, publisher, distributor, manufacturer FortressPress ;
Date of production, publication, distribution, manufacture, or copyright notice 2004
300 ## - PHYSICAL DESCRIPTION
Extent xv, 304 páginas , ;
Dimensions 23 cm.
336 ## - CONTENT TYPE
Content type term texto
Source rdacontent
337 ## - MEDIA TYPE
Media type term sin mediación
Source rdamedia
338 ## - CARRIER TYPE
Carrier type term volumen
Source rdacarrier
650 #4 - SUBJECT ADDED ENTRY--TOPICAL TERM
Topical term or geographic name entry element Psicología y religión
650 #4 - SUBJECT ADDED ENTRY--TOPICAL TERM
Topical term or geographic name entry element Psicología
650 #4 - SUBJECT ADDED ENTRY--TOPICAL TERM
Topical term or geographic name entry element Religión y cultura
700 1# - ADDED ENTRY--PERSONAL NAME
Personal name Cooper, Terry D.
Existencias
Withdrawn status Lost status Source of classification or shelving scheme Damaged status Not for loan Collection code Home library Current library Shelving location Date acquired Source of acquisition Inventory number Total Checkouts Full call number Barcode Date last seen Price effective from Koha item type
    Dewey Decimal Classification     General Centro de Estudios en Ciencia y Religión Centro de Estudios en Ciencia y Religión Sala general 20/08/2015 Compra 151000000000000000077818   150.19 BRO 2004 86353 05/01/2026 20/11/2015 Libro